| 000 | 00738cam a2200217 a 4500 | ||
|---|---|---|---|
| 003 | MX-MxUPN | ||
| 005 | 20250312063752.0 | ||
| 008 | 081109s1978 mx r 000 0 spa d | ||
| 035 | _aUPN01000167040 | ||
| 040 |
_aMX-MxUPN _bspa |
||
| 041 | 0 | _aspa | |
| 050 | 4 |
_aLA722 _bC85 1978 |
|
| 245 | 0 | 3 |
_aLa cultura en la vida cotidiana socialista : _buna información de la RDA. |
| 260 |
_aBerlin : _bPanorama DDR, _c1978. |
||
| 300 |
_a64 páginas : _bfotografías |
||
| 490 | 0 | _aA ciencia cierta | |
| 650 | 0 |
_aActividades culturales _zAlemania (República Democrática, 1949-1990) _955882 |
|
| 651 | 4 |
_aAlemania (República Democrática, 1949-1990) _xPolítica cultural _91799 |
|
| 902 | _bVíctorGodínez/110325 | ||
| 942 |
_2lcc _cLIBRO |
||
| 999 |
_c139151 _d139151 |
||